| 000 | 00596 #a2200205 #4500 | ||
|---|---|---|---|
| 005 | 20250509125848.0 | ||
| 008 | |||
| 082 | 1 | 4 |
_214 _a324.2 |
| 100 | 1 |
_aGazzera, Miguel _921474 |
|
| 245 | 1 | 0 |
_aPeronismo : _bautocrítica y perspectiva / _cMiguel Gazzera y Norberto Ceresole |
| 260 |
_aBuenos Aires: _bDescartes, _c1970 |
||
| 300 | _a316 p. | ||
| 650 | 2 | 7 |
_aDEMOCRACIA _9740 _2unescot |
| 650 | 2 | 7 |
_aPARTIDO POLITICO _91665 _2unescot |
| 650 | 2 | 4 |
_aPERONISMO _9553 |
| 651 | 2 | 7 |
_9326 _aARGENTINA _2unescot |
| 700 | 1 |
_aCeresole, Norberto _921475 |
|
| 942 |
_2ddc _cLIBRO |
||
| 980 |
_819226 _g Palazón Marcela I. _619226 _a Palazón Marcela I. |
||
| 999 |
_c10924 _d10924 |
||